LEADER 00964nam0-22003491i-450- 001 990006796970403321 005 20001010 035 $a000679697 035 $aFED01000679697 035 $a(Aleph)000679697FED01 035 $a000679697 100 $a20001010d--------km-y0itay50------ba 101 0 $aita 105 $ay-------001yy 200 1 $aAnalisi del discorso$fGillian Brown, George Yule 210 $aBologna$cIl Mulino$d1992. 215 $a376 p.$d21 cm 225 1 $a<>nuova scienza$iSerie di linguistica e critica letteraria 610 0 $aComunicazione 610 0 $aLinguaggio 610 0 $aLinguistica - Teorie - Sec. 20 676 $a410 700 1$aBrown,$bGillian$0143486 702 1$aYule,$bGeorge 801 0$aIT$bUNINA$gRICA$2UNIMARC 901 $aBK 912 $a990006796970403321 952 $aXXXI VARIE 157$b23912$fFSPBC 959 $aFSPBC 996 $aAnalisi del discorso$9182512 997 $aUNINA DB $aGEN01 LEADER 01134nam--2200337---450 001 990001662830203316 005 20220128112713.0 010 $a978-88-240-2946-9 035 $a000166283 035 $aUSA01000166283 035 $a(ALEPH)000166283USA01 035 $a000166283 100 $a20040514d2010----km-y0itay50------ba 101 0 $aita 102 $aIT 105 $ay|||||||001yy 200 1 $aPer l'unità d'Italia$ediscorsi e interventi ottobre 2009-giugno 2010$everso il 150. anniversario della fondazione dello Stato nazionale$fGiorgio Napolitano 210 $a[Roma]$cIstituto poligrafico e Zecca dello Stato$d2010 215 $a55 p.$d24 cm 300 $aIn testa al frontespizio: Presidenza della Repubblica Italiana 607 $aItalia$xUnificazione$xCelebrazioni$2BNCF 676 $a945 700 1$aNAPOLITANO,$bGiorgio$f<1925- >$0120314 712 02$aItalia :$bPresidenza della Repubblica 801 0$aIT$bsalbc$gISBD 912 $a990001662830203316 951 $aX.3.B. 6050$b230649 L.M.$cX.3.B.$d00296375 959 $aBK 969 $aUMA 996 $aPer l'unità d'Italia$9942291 997 $aUNISA LEADER 04782nam 22007695 450 001 9910300143703321 005 20251113202130.0 010 $a3-319-02657-7 024 7 $a10.1007/978-3-319-02657-2 035 $a(CKB)3710000000092731 035 $a(EBL)1698319 035 $a(OCoLC)881093410 035 $a(SSID)ssj0001187335 035 $a(PQKBManifestationID)11950725 035 $a(PQKBTitleCode)TC0001187335 035 $a(PQKBWorkID)11256433 035 $a(PQKB)11246611 035 $a(MiAaPQ)EBC1698319 035 $a(DE-He213)978-3-319-02657-2 035 $a(PPN)177823534 035 $a(EXLCZ)993710000000092731 100 $a20140305d2014 u| 0 101 0 $aeng 135 $aur|n|---||||| 181 $ctxt 182 $cc 183 $acr 200 10$aMathematical Models and Methods for Planet Earth /$fedited by Alessandra Celletti, Ugo Locatelli, Tommaso Ruggeri, Elisabetta Strickland 205 $a1st ed. 2014. 210 1$aCham :$cSpringer International Publishing :$cImprint: Springer,$d2014. 215 $a1 online resource (177 p.) 225 1 $aSpringer INdAM Series,$x2281-5198 ;$v6 300 $aDescription based upon print version of record. 311 08$a3-319-02656-9 320 $aIncludes bibliographical references at the end of each chapters. 327 $a1 Christiane Rousseau: ?Mathematics of Planet Earth? -- 2 Laure Saint-Raymond: ?The role of boundary layers in the large-scale ocean circulation? -- 3 Paolo Dai Pra: ?Noise-induced periodicity: some stochastic models for complex biological systems? -- 4 Andrea Tosin: ?Kinetic equations and stochastic game theory for social systems? -- 5 Luigi Preziosi: ?Using mathematical modelling as a virtual microscope to support biomedical research? -- 6 Adriano Barra: ?Ferromagnetic models for cooperative behavior: Revisiting Universality in complex phenomena? -- 7 Ettore Perozzi: ?The Near Earth Asteroid Hazard and Mitigation? -- 8 Mirko Degli Esposti: ?Mathematical models of textual data: a short review? -- 9 Anne Lemaitre: ?Space debris long term dynamics? -- 10 Maria Letizia Bertotti: ?Mathematical models for socio-economic problems? -- 11 Antonello Provenzale: ?Climate as a complex dynamical system? -- 12 Giovanni Federico Gronchi: ?Periodic orbits of the N -body problem with the symmetry of Platonic polyhedra? -- 13 Laura Sacerdote: ?Superprocesses as models for information dissemination in the Future Internet? -- Appendix: Pictures INdAM Workshop. 330 $aIn 2013 several scientific activities have been devoted to mathematical researches for the study of planet Earth. The current volume presents a selection of the highly topical issues presented at the workshop ?Mathematical Models and Methods for Planet Earth?, held in Roma (Italy), in May 2013. The fields of interest span from impacts of dangerous asteroids to the safeguard from space debris, from climatic changes to monitoring geological events, from the study of tumor growth to sociological problems. In all these fields the mathematical studies play a relevant role as a tool for the analysis of specific topics and as an ingredient of multidisciplinary problems. To investigate these problems we will see many different mathematical tools at work: just to mention some, stochastic processes, PDE, normal forms, chaos theory. 410 0$aSpringer INdAM Series,$x2281-5198 ;$v6 606 $aEnvironmental sciences$xMathematics 606 $aEarth sciences 606 $aClimatology 606 $aMathematical physics 606 $aMathematical Applications in Environmental Science 606 $aEarth Sciences 606 $aClimate Sciences 606 $aMathematical Methods in Physics 615 0$aEnvironmental sciences$xMathematics. 615 0$aEarth sciences. 615 0$aClimatology. 615 0$aMathematical physics. 615 14$aMathematical Applications in Environmental Science. 615 24$aEarth Sciences. 615 24$aClimate Sciences. 615 24$aMathematical Methods in Physics. 676 $a520.151 686 $a86-06$a86A04$a86A05$a86A10$a00A71$a00A69$a00A79$a00B25$2msc 702 $aCelletti$b A$g(Alessandra),$4edt$4http://id.loc.gov/vocabulary/relators/edt 702 $aLocatelli$b Ugo$f1940-$4edt$4http://id.loc.gov/vocabulary/relators/edt 702 $aRuggeri$b Tommaso$4edt$4http://id.loc.gov/vocabulary/relators/edt 702 $aStrickland$b E$g(Elisabetta),$f1948-$4edt$4http://id.loc.gov/vocabulary/relators/edt 801 0$bMiAaPQ 801 1$bMiAaPQ 801 2$bMiAaPQ 906 $aBOOK 912 $a9910300143703321 996 $aMathematical models and methods for planet Earth$91410194 997 $aUNINA